Statistiken für Länder, die mit "ien" enden

Klicken Sie hier um das Quiz zu spielen!

Allgemein

  • Dieses Quiz wurde 3.045 mal gespielt
  • Das Durchschnittsergebnis liegt bei 21 aus 28

Antwortstatistiken

Länder% Korrekt
EuropaSpanien
92%
SüdamerikaArgentinien
89%
EuropaAlbanien
88%
SüdamerikaBrasilien
88%
EuropaItalien
88%
EuropaSerbien
87%
EuropaBelgien
84%
EuropaKroatien
84%
EuropaSlowenien
84%
EuropaBulgarien
83%
AsienIndien
83%
SüdamerikaBolivien
82%
EuropaRumänien
82%
SüdamerikaKolumbien
81%
AfrikaAlgerien
79%
AsienIndonesien
75%
AsienArmenien
74%
EuropaTschechien
74%
EuropaMoldawien
71%
AfrikaTunesien
71%
AsienGeorgien
69%
EuropaMazedonien
68%
AsienSyrien
66%
AsienSaudi-Arabien
63%
AsienJordanien
62%
OzeanienMikronesien
61%
AfrikaMauretanien
58%
AfrikaÄthiopien
57%

Verteilung der Resultate

Perzentil nach korrekt beantworteten Fragen

Anzahl Personen mit jedem Resultat

Ihre Resultats-Entwicklung

Sie haben dieses Quiz noch nicht gespielt